Statistiques concernant Culture Générale - Série 703

Cliquez ici pour prendre le quiz!

Statistiques générales

  • Ce quiz a été pris 163 fois
  • Le résultat moyen est 7 sur 10

Statistiques - réponses

QuestionRéponse% Correct
De quoi est constitué le repas préféré d'Obélix dans "Les Aventures d'Astérix le Gaulois" ?sanglier
96%
Quel est le symbole chimique de l'osmium ?Os
90%
Quel mot désigne à la fois un manteau militaire et un préservatif masculin ?capote
87%
Quel nom d'animal désigne une petite barbe au menton ?bouc
83%
Dans quel pays Michel Polnareff s'est-il exilé en 1973 ?États-Unis
79%
Quel acteur chanteur animait l'émission "La Dernière Séance", dans les années 80-90 ?Eddy Mitchell
70%
Quel genre littéraire, dans lequel s'illustra Stefan Zweig, est un récit bref resserré autour d'une intrigue simple ?La nouvelle
56%
Complétez le titre d'un roman de Jules Verne "Les tribulations ...d'un Chinois en Chine
50%
En 1990, quelle comédienne, prénommée Nicole, réalise le film “Un week-end sur deux” ?Nicole Garcia
44%
Quel est le prénom de la gouvernante dans la série télé "Une Nounou d'enfer" ?Fran
33%

Distribution des résultats

Percentile par nombre de réponses

% des personnes avec chaque résultat

Votre développement - résultats

Vous n’avez pas pris ce quiz